| 000 | 00749nam a2200253Ia 4500 | ||
|---|---|---|---|
| 003 | OSt | ||
| 005 | 20220928104954.0 | ||
| 006 | a|||||r|||| 00| 0 | ||
| 007 | ta | ||
| 008 | 220927b |||||||| |||| 00| 0 eng d | ||
| 020 | _cINR 499.00 | ||
| 024 | _a133407 | ||
| 037 |
_b0273, 08/03/2017, Bookwell Publications _cTextual |
||
| 040 |
_aSDCL _cSDCL _beng |
||
| 041 |
_2eng _aeng |
||
| 082 | _aQ7, Q3 LR | ||
| 100 |
_aHazleton Lesley _9406720 |
||
| 245 | 0 |
_aFirst muslim _b The story of Muhammad |
|
| 260 |
_aCroydon _bAtlantic books london _c2013 |
||
| 300 |
_a320p. _ccm. |
||
| 650 | _aReference | ||
| 942 |
_hQ7, Q3 LR _cTEXL _2CC |
||
| 999 |
_c728884 _d728884 |
||